| 000 | 00495nam a22001457a 4500 | ||
|---|---|---|---|
| 008 | 230622b |||||||| |||| 00| 0 eng d | ||
| 040 |
_aNational Science Library _cNational Science Library |
||
| 080 |
_a628.1:65 _bL2 |
||
| 245 |
_aWater management gestion de l'eau: _bBasic issues aspects fondamentaux |
||
| 260 |
_aFrance: _bOrganisation for Economic Co-operation and Development, _c1972 |
||
| 300 | _a546p. | ||
| 650 | _aWater management | ||
| 653 | _aBasin area planning | ||
| 942 |
_2udc _cBK |
||
| 999 |
_c46099 _d46099 |
||